Chapman Library

Strategic marketing management (Record no. 148)

000 -LEADER
fixed length control field 00425nam a22001577a 4500
020 ## - INTERNATIONAL STANDARD BOOK NUMBER
ISBN 9780750659383
050 ## - LIBRARY OF CONGRESS CALL NUMBER
Classification number HF5415
100 ## - MAIN ENTRY--AUTHOR NAME
Personal name Wilson, Richard M. S.
Personal name Gilligan, Colin
245 ## - TITLE STATEMENT
Title Strategic marketing management
250 ## - EDITION STATEMENT
Edition statement 3rd edition
260 ## - PUBLICATION, DISTRIBUTION, ETC. (IMPRINT)
Place of publication Amsterdam
Name of publisher Elsevier
Year of publication 2005
300 ## - PHYSICAL DESCRIPTION
Number of Pages 867p.
Other physical details xii, ill. include bibliographical references and index
650 ## - SUBJECT ADDED ENTRY--TOPICAL TERM
Topical Term Marketing management
942 ## - ADDED ENTRY ELEMENTS (KOHA)
Koha item type Books
Holdings
Koha item type Collection code Shelving location Accession Number Permanent Location Current Location Date acquired Full call number
BooksLendingLending2456Chapman LibraryChapman Library2016-01-19HF5415.13.W547wil
BooksLendingLending2457Chapman LibraryChapman Library2016-01-19HF5415.13.W547wil
BooksReferenceReference2460Chapman LibraryChapman Library2016-01-19HF5415.13.W547wil


CSUC Chapman Library is a Koha Automated Library.


Contact us: library@csuc.edu.gh.